[Event "Cto por Equipos de Aragon-Preferente I"]
[Site ""]
[Date "2023.02.11"]
[Round "3.33"]
[White "Chueca Lorente, Javier"]
[Black "Martinez Cebolla, Alberto"]
[Result "1-0"]
[WhiteElo "2149"]
[BlackElo "2076"]
[PlyCount "0"]
[WhiteTeam "MyInvestor Casablanca B"]
[BlackTeam "Iberajedrez Mundo 64 B"]
[EventDate "2023.01.28"]

1. c4 e5 2. g3 Nf6 3. Bg2 d5 4. cxd5 Nxd5 5. Nc3 Nb6 6. Nf3 Nc6 7. O-O Be7 8.
a3 O-O 9. b4 a6 10. d3 f5 11. Bb2 Be6 12. Rc1 Bf6 13. Nd2 Rb8 14. Nb3 e4 15.
Nc5 Bd5 16. dxe4 Bxe4 17. N5xe4 fxe4 18. Bxe4 Ne5 19. Qc2 g6 20. Rfd1 Qe7 21.
Nd5 Nxd5 22. Bxd5+ Kh8 23. Qxc7 Qxc7 24. Rxc7 Rfd8 25. Ba1 Rd6 26. e4 Nf3+ 27.
Kg2 Bxa1 28. Rxa1 Nd4 29. Rac1 Nb5 30. Re7 Nxa3 31. Rcc7 1-0

[Event "Cto por Equipos de Aragon-Preferente I"]
[Site ""]
[Date "2023.02.11"]
[Round "3.34"]
[White "Jimenez Fernandez, Alejandro"]
[Black "Cebollada Pacheco, Jesus Raul"]
[Result "1/2-1/2"]
[WhiteElo "1955"]
[BlackElo "1955"]
[PlyCount "0"]
[WhiteTeam "Iberajedrez Mundo 64 B"]
[BlackTeam "MyInvestor Casablanca B"]
[EventDate "2023.01.28"]

1. d4 Nf6 2. Nf3 g6 3. c4 Bg7 4. Nc3 d6 5. e4 O-O 6. Be2 e5 7. Be3 exd4 8. Nxd4
Re8 9. f3 c6 10. Bf2 d5 11. exd5 cxd5 12. O-O Nc6 13. c5 Nxd4 14. Bxd4 Be6 15.
Re1 a6 16. Na4 Nd7 17. Rc1 Ne5 18. Nb6 Rb8 19. Bf1 Nc6 20. Bxg7 Kxg7 21. Qa4
Qc7 22. b4 Red8 23. a3 Kg8 24. Rcd1 Ne7 25. Qb3 d4 26. Bc4 Bxc4 27. Nxc4 Nf5
28. g4 Ng7 29. Nd6 b6 30. Qd5 bxc5 31. bxc5 Ne6 32. Rxe6 1/2-1/2

[Event "Cto por Equipos de Aragon-Preferente I"]
[Site ""]
[Date "2023.02.11"]
[Round "3.35"]
[White "Antonano Fernandez-Quincoces, Avelino"]
[Black "Garcia Acin, Pablo"]
[Result "1/2-1/2"]
[WhiteElo "1901"]
[BlackElo "1851"]
[PlyCount "0"]
[WhiteTeam "MyInvestor Casablanca B"]
[BlackTeam "Iberajedrez Mundo 64 B"]
[EventDate "2023.01.28"]

1. e4 c5 2. Nf3 d6 3. d4 Nf6 4. Nc3 cxd4 5. Nxd4 a6 6. g3 e5 7. Nb3 Be7 8. Bg2
Nbd7 9. a4 b6 10. O-O Bb7 11. Re1 O-O 12. Nd2 Nc5 13. Nf1 h6 14. Ne3 Nfxe4 15.
Ncd5 Nf6 16. b4 Nxd5 17. Nxd5 Ne6 18. Be3 Bxd5 19. Bxd5 Rb8 20. Qg4 Kh8 21.
Bxe6 fxe6 22. Qxe6 Rf6 23. Qd5 b5 24. Red1 Qc7 25. Rd2 Qc3 26. Qa2 Qxb4 27.
axb5 axb5 28. Qa7 Re8 29. Qd7 Rff8 30. Ra7 Bf6 31. Qxd6 Qxd6 32. Rxd6 Rc8 33.
Rb7 Rb8 34. Rxb8 Rxb8 35. Rb6 Rc8 36. Rxb5 Rxc2 37. Kg2 Kh7 38. Kf3 Rc4 39. h4
h5 40. Bd2 Kg6 41. Rb4 Rxb4 42. Bxb4 1/2-1/2

[Event "Cto por Equipos de Aragon-Preferente I"]
[Site ""]
[Date "2023.02.11"]
[Round "3.36"]
[White "Moreno Burillo, Marcos Antonio"]
[Black "Alvarez Gonzalo, Miguel Angel"]
[Result "1-0"]
[WhiteElo "1748"]
[BlackElo "1767"]
[PlyCount "0"]
[WhiteTeam "Iberajedrez Mundo 64 B"]
[BlackTeam "MyInvestor Casablanca B"]
[EventDate "2023.01.28"]

1. d4 Nf6 2. c4 e6 3. Nc3 Bb4 4. e3 O-O 5. Nge2 b6 6. a3 Be7 7. Nf4 d6 8. Be2
Bb7 9. O-O Nbd7 10. Bf3 Bxf3 11. Qxf3 c5 12. Nd3 Qc8 13. b3 e5 14. d5 a6 15. e4
Re8 16. Bd2 Nf8 17. Rfc1 Ng6 18. b4 Nh4 19. Qe2 h5 20. h3 Ng6 21. Na4 Rb8 22.
bxc5 bxc5 23. Rab1 Qd7 24. Nb6 Qa7 25. Na4 h4 26. Nc3 Qd7 27. Qd1 Rec8 28. Rc2
Rxb1 29. Qxb1 Bd8 30. Rb2 Nh5 31. Rb7 Rc7 32. Rb3 Nhf4 33. Nxf4 exf4 34. f3 Bg5
35. Rb8+ Rc8 36. Rb6 Ne5 37. Qb3 Bh6 38. Rxa6 Nxf3+ 39. gxf3 Qxh3 40. Ne2 g5
41. Rxd6 g4 42. Rxh6 g3 43. Be3 Qh2+ 44. Kf1 Qh3+ 45. Ke1 Kg7 46. Bxf4 1-0

[Event "Cto por Equipos de Aragon-Preferente I"]
[Site ""]
[Date "2023.02.11"]
[Round "3.37"]
[White "Carruez Gracia, Eduardo"]
[Black "Carraminana Lopez, Luis Antonio"]
[Result "1-0"]
[WhiteElo "1941"]
[BlackElo "1901"]
[PlyCount "0"]
[WhiteTeam "Agrupacion B"]
[BlackTeam "Helios B"]
[EventDate "2023.01.28"]

1. e4 d6 2. d4 Nf6 3. Nc3 e5 4. Nf3 Nbd7 5. Rg1 g6 6. g4 exd4 7. Nxd4 Bg7 8.
Be3 Ne5 9. Be2 O-O 10. g5 Nfd7 11. Qd2 Nb6 12. f4 Nec4 13. Bxc4 Nxc4 14. Qe2
Nxe3 15. Qxe3 c5 16. Nde2 Be6 17. O-O-O b5 18. f5 gxf5 19. Nf4 Qa5 20. Nh5 f4
21. Nf6+ Kh8 22. Qxf4 b4 23. Nb1 c4 24. Qh4 Bxf6 25. gxf6 Rg8 26. Qh6 c3 27.
Rg7 cxb2+ 28. Kxb2 Qe5+ 29. Kc1 Qxe4 30. Rdg1 Rgc8 31. R7g2 1-0

[Event "Cto por Equipos de Aragon-Preferente I"]
[Site ""]
[Date "2023.02.11"]
[Round "3.38"]
[White "Lorente Melcon, Nicolas"]
[Black "Larrosa Poves, Jose Manuel"]
[Result "1/2-1/2"]
[WhiteElo "1869"]
[BlackElo "1902"]
[PlyCount "0"]
[WhiteTeam "Helios B"]
[BlackTeam "Agrupacion B"]
[EventDate "2023.01.28"]

1. e4 c5 2. Nc3 Nc6 3. Bb5 Nd4 4. Bc4 e6
5. Nge2 a6 6. a4 Rb8 7. d3 g6 8. Nxd4 cxd4 9. Ne2 Bg7 10. O-O Ne7 11. Qe1 d5
12. exd5 Nxd5 13. Nf4 O-O 14. Qe4 Nb4 15. Bd2 Qd6 16. Bb3 Bd7 17. c3 Bc6 18.
Qe2 dxc3 19. bxc3 Nd5 20. Bxd5 Bxd5 21. Nxd5 Qxd5 22. d4 Rbc8 23. Rfe1 Rfd8 24.
Qe4 Qxe4 25. Rxe4 Rd7 26. f4 Rc4 27. Ree1 h5 28. Reb1 Bf6 29. Ra2 Kg7 30. Kf2
Bd8 31. Rab2 Rcc7 32. Ke2 Bf6 33. g3 Kf8 34. Kf3 Ke8 35. Ke2 Kd8 36. Ke3 Kc8
37. Rb4 Be7 38. R4b3 Bf6 1/2-1/2

[Event "Cto por Equipos de Aragon-Preferente I"]
[Site ""]
[Date "2023.02.11"]
[Round "3.39"]
[White "Casasnovas Sanchez, Raul"]
[Black "Lacamara Pasamar, Miguel"]
[Result "0-1"]
[WhiteElo "1425"]
[BlackElo "1794"]
[PlyCount "0"]
[WhiteTeam "Agrupacion B"]
[BlackTeam "Helios B"]
[EventDate "2023.01.28"]

1. Nf3 e6 2. c4 Nf6 3. d4 c5 4. g3 d5 5. cxd5 exd5 6. Bg2 Nc6 7. O-O Qb6 8.
Nbd2 cxd4 9. Nb3 Bc5 10. Nxc5 Qxc5 11. b3 Bg4 12. Bb2 Bxf3 13. exf3 O-O 14. Qd3
Rfe8 15. Rfd1 Rac8 16. Bf1 Ne5 17. Qf5 Qc2 18. Qxc2 Nxf3+ 19. Kg2 Rxc2 20. Bc1
Ne5 21. Rxd4 Ne4 22. Be3 Ng4 23. Re1 Nexf2 24. Bd2 Rxe1 25. Bxe1 Ne4+ 26. Kg1
Rc1 27. Rxd5 g6 28. Bd2 Nxd2 29. Rxd2 Ne3 30. Rf2 Kg7 31. Rf3 Rxf1+ 32. Rxf1
Nxf1 33. Kxf1 Kf6 34. Ke2 Ke5 35. Ke3 f5 36. h4 h6 37. Kf3 g5 38. Ke3 gxh4 39.
gxh4 f4+ 40. Kf3 Kf5 41. a4 a5 42. h5 Kg5 43. Ke4 Kg4 0-1

[Event "Cto por Equipos de Aragon-Preferente I"]
[Site ""]
[Date "2023.02.11"]
[Round "3.41"]
[White "Jario Garcia, Ricardo"]
[Black "Fabre Perez, Jose Maria"]
[Result "0-1"]
[WhiteElo "2005"]
[BlackElo "1981"]
[PlyCount "0"]
[WhiteTeam "Marcos Frechin B"]
[BlackTeam "Delicias B"]
[EventDate "2023.01.28"]

1. e4 c5 2. c3 Nf6 3. e5 Nd5 4. d4 cxd4 5. Nf3 Nc6 6. cxd4 d6 7. Bc4 Nb6 8. Bb5
Bd7 9. exd6 e6 10. O-O Bxd6 11. a3 Ne7 12. Bd3 Bc6 13. Nc3 Ng6 14. Re1 O-O 15.
Ng5 h6 16. Qh5 hxg5 17. Rxe6 Re8 18. Bxg6 fxg6 19. Qxg6 Qf6 20. Rxe8+ Rxe8 21.
Qxf6 Re1# 0-1

[Event "Cto por Equipos de Aragon-Preferente I"]
[Site ""]
[Date "2023.02.11"]
[Round "3.42"]
[White "Dominguez Luzon, Fernando"]
[Black "Perez Tomas, Juan Manuel"]
[Result "0-1"]
[WhiteElo "1960"]
[BlackElo "1807"]
[PlyCount "0"]
[WhiteTeam "Delicias B"]
[BlackTeam "Marcos Frechin B"]
[EventDate "2023.01.28"]


1. e4 c5 2. Nf3 d6 3. d4 cxd4 4. Nxd4 Nf6 5. Nc3 a6 6. Bg5 Nbd7 7. Qd2 Qc7 8.
O-O-O e6 9. Kb1 Be7 10. f4 h6 11. Bxf6 Nxf6 12. Be2 b5 13. Bf3 Bb7 14. Rhe1 b4
15. Na4 d5 16. exd5 Nxd5 17. Nxe6 fxe6 18. Rxe6 Rd8 19. Rde1 Nc3+ 0-1

[Event "Cto por Equipos de Aragon-Preferente I"]
[Site ""]
[Date "2023.02.11"]
[Round "3.43"]
[White "Atares Buisan, Sergio"]
[Black "Gaspar Calvo, Luis Alberto"]
[Result "0-1"]
[WhiteElo "1691"]
[BlackElo "1845"]
[PlyCount "0"]
[WhiteTeam "Marcos Frechin B"]
[BlackTeam "Delicias B"]
[EventDate "2023.01.28"]

1. e4 c5 2. Nf3 a6 3. a4 e6 4. d4 cxd4 5. Nxd4 Nf6 6. Nc3 Qc7 7. Bg5 Bb4 8. Bd2
Bxc3 9. Bxc3 Nxe4 10. Bb4 Nc6 11. Nxc6 Qxc6 12. Bd3 Qb6 13. O-O Qxb4 14. c3
Nxc3 15. bxc3 Qxc3 16. Rc1 Qf6 17. Qc2 O-O 18. Bxh7+ Kh8 19. Qc5 d6 20. Qxd6
Rd8 21. Qc7 Kxh7 22. Rfd1 Rxd1+ 23. Rxd1 e5 24. Rd6 Be6 25. Qxb7 Rc8 26. Rd1 a5
27. Qb5 Rd8 28. Rf1 Rd5 29. Qe2 g6 30. Rc1 Qg5 31. Rd1 Rxd1+ 32. Qxd1 Qf4 33.
h3 Qd4 34. Qc2 Bd7 35. Qb3 Kg7 36. Qb8 Qc3 37. Kh2 Bxa4 38. h4 Bc2 39. g4 Qd4
40. Kg1 Qxg4+ 0-1

[Event "Cto por Equipos de Aragon-Preferente I"]
[Site ""]
[Date "2023.02.11"]
[Round "3.44"]
[White "Garcia Lopez, Alberto Jose"]
[Black "Jario Dominguez, Diego"]
[Result "1/2-1/2"]
[WhiteElo "1829"]
[BlackElo "1622"]
[PlyCount "0"]
[WhiteTeam "Delicias B"]
[BlackTeam "Marcos Frechin B"]
[EventDate "2023.01.28"]

1. Nf3 Nf6 2. b3 g6 3. Bb2 Bg7 4. g3 O-O 5. Bg2 d5 6. O-O c5 7. d3 Nc6 8. Nbd2
Bf5 9. Nh4 Bd7 10. Rb1 e6 11. e4 dxe4 12. dxe4 Qc7 13. f4 Rfd8 14. e5 Nd5 15.
Re1 Nce7 16. Ne4 Bc6 17. Qe2 b6 18. a3 Nf5 19. Nxf5 exf5 20. Nd6 Qd7 21. Qc4
Qe6 22. Rbd1 Ne7 23. Qe2 Rd7 24. Bxc6 Nxc6 25. Qg2 Rc7 26. Nb5 Rd7 27. Rd6 Rxd6
28. Nxd6 Qd7 29. Rd1 Rd8 30. Rd2 Qc7 31. Nb5 Rxd2 32. Qxd2 Qe7 33. Qd5 Qe6 34.
Qd3 Kf8 35. Kf2 1/2-1/2

[Event "Cto por Equipos de Aragon-Preferente I"]
[Site ""]
[Date "2023.02.11"]
[Round "3.45"]
[White "Malo Guillen, Jose Luis"]
[Black "Avellanas Pau, Miguel Angel"]
[Result "1-0"]
[WhiteElo "2128"]
[BlackElo "1834"]
[PlyCount "0"]
[WhiteTeam "Las Fuentes A"]
[BlackTeam "Enroque Barbastro A"]
[EventDate "2023.01.28"]

1.d4 d5 2.c4 c6 3.Nf3 Nf6 4.Nc3 g6 5.e3 Bg7 6.Be2 O-O 7.O-O Nbd7 8.cxd5 cxd5
9.Qb3 e6 10.h3 Qb6 11.Qxb6 Nxb6 12.b3 Nfd7 13.a4 a5 14.Nb5 Nb8 15.Ba3 Nc6 16.
Bxf8 Kxf8 17.Nd6 Rb8 18.Nxc8 Nxc8 19.Rac1 Ke7 20.Bb5 Kd6 21.Rc5 N8e7 22.Rfc1
e5 23.Bxc6 Nxc6 24.Nxe5 Bxe5 25.dxe5+ Kxe5 26.Rb5 Kd6 27.Rd1 d4 28.e4 f6 29.f4
Kc7 30.Kf2 Re8 31.Kf3 Rd8 32.Rc1 b6 33.Rd5 Kb7 34.Rxc6 1-0

[Event "Cto por Equipos de Aragon-Preferente I"]
[Site ""]
[Date "2023.02.11"]
[Round "3.46"]
[White "Campo Pelegrin, Ramon"]
[Black "Alonso Blasco, Jose Miguel"]
[Result "1-0"]
[WhiteElo "1788"]
[BlackElo "1942"]
[PlyCount "0"]
[WhiteTeam "Enroque Barbastro A"]
[BlackTeam "Las Fuentes A"]
[EventDate "2023.01.28"]

1.e4 c6 2.d4 d5 3.e5 Bf5 4.Ne2 e6 5.Ng3 Bg6 6.h4 h5 7.Bd3 Bxd3 8.Qxd3 g6 9.Be3
Nd7 10.Nd2 Be7 11.Nf3 Qa5+ 12.c3 O-O-O 13.O-O Nh6 14.b4 Qc7 15.Rfb1 Nf5 16.Bg5
Nb6 17.b5 c5 18.Nxf5 gxf5 19.dxc5 Qxc5 20.Be3 Qc4 21.Qd2 Na4 22.Bg5 Rd7 23.
Bxe7 Rxe7 24.Rb4 1-0

[Event "Cto por Equipos de Aragon-Preferente I"]
[Site ""]
[Date "2023.02.11"]
[Round "3.47"]
[White "Javierre Conesa, Alfonso"]
[Black "Santorroman Jovellar, Javier"]
[Result "0-1"]
[WhiteElo "1865"]
[BlackElo "1658"]
[PlyCount "0"]
[WhiteTeam "Las Fuentes A"]
[BlackTeam "Enroque Barbastro A"]
[EventDate "2023.01.28"]

1.d4 d5 2.c4 e6 3.Nf3 Nf6 4.g3 dxc4 5.Qa4+ Nc6 6.Qxc4 Be7 7.Bg2 O-O 8.O-O a6
9.Nbd2 Qe8 10.a3 Bd8 11.b4 Ne7 12.Bb2 b5 13.Qc2 Bb7 14.e4 Nc8 15.Rfe1 Nb6 16.
Rac1 Rc8 17.Ne5 c6 18.Re3 Nfd7 19.Nef3 e5 20.dxe5 c5 21.bxc5 Rxc5 22.Rc3 Na4
23.Rxc5 Ndxc5 24.Bd4 Ne6 25.Be3 Be7 26.Qa2 Qd7 27.h4 Qd3 28.Ra1 Rc8 29.Ne1 Qd7
30.Nc2 Qc7 31.Nb4 Qxe5 32.Nd5 Bf8 33.Nf3 Qd6 34.Ng5 Nxg5 35.hxg5 a5 36.Bh3 Rc4
37.Bg2 Nc3 38.Qd2 Qe5 39.Nxc3 Qxc3 40.Bf1 Qxa1 0-1

[Event "Cto por Equipos de Aragon-Preferente I"]
[Site ""]
[Date "2023.02.11"]
[Round "3.48"]
[White "Rubiella Moreno, Óscar"]
[Black "Pascual Sese, Lucas"]
[Result "1-0"]
[WhiteElo "1587"]
[BlackElo "1722"]
[PlyCount "0"]
[WhiteTeam "Enroque Barbastro A"]
[BlackTeam "Las Fuentes A"]
[EventDate "2023.01.28"]

1.e4 c6 2.d4 d5 3.Nc3 dxe4 4.Nxe4 Nd7 5.Ng5 Ngf6 6.Bd3 e6 7.N1f3 Nb6 8.Qe2 Qc7
9.Ne5 Bd6 10.Nexf7 O-O 11.Nxd6 Qxd6 12.c3 c5 13.dxc5 Qxc5 14.Be3 Qc6 15.O-O
Nbd5 16.Bd2 Bd7 17.Rad1 Rae8 18.c4 h6 19.Nf3 Ne7 20.Ne5 Qc8 21.Bb4 Nc6 22.Bxf8
Nxe5 23.Bxg7 Kxg7 24.Qxe5 Kf7 25.b4 Rg8 26.b5 Rg5 27.Qe3 Qg8 28.g3 b6 29.Be4
Re5 30.Bg6+ Qxg6 31.Qxe5 1-0

[Event "Cto por Equipos de Aragon-Preferente I"]
[Site ""]
[Date "2023.02.11"]
[Round "3.49"]
[White "Franco Ibanez, Carlos"]
[Black "Ballarin Corvinos, Jorge"]
[Result "1/2-1/2"]
[WhiteElo "1859"]
[BlackElo "1748"]
[PlyCount "0"]
[WhiteTeam "Shatranj A"]
[BlackTeam "Binefar A"]
[EventDate "2023.01.28"]

1. d4 Nf6 2. c4 g6 3. Nc3 Bg7 4. e4 d6 5. Nf3 O-O 6. Be2 e5 7. O-O Nc6 
8. d5 Ne7 9. b4 Ne8 10. Nd2 f5 11. Nb3 Nf6 12. f3 f4 13. g4 g5 14. Bd2 h5 
15. h3 Kf7 16. Kg2 Rh8 17. Rh1 Ng6 18. Be1 hxg4 19. hxg4 Rxh1 20. Kxh1 Qh8+ 
21. Kg2 Bd7 22. Bf2 Nh4+ 23. Bxh4 Qxh4 24. Qe1 Rh8 25. Qxh4 Rxh4 26. Rh1 Rxh1 
27. Kxh1 Bf8 28. c5 c6 29. Bc4 Ke8 30. Kg2 b6 31. cxb6 axb6 32. dxc6 Bxc6 
33. b5 Bb7 34. Nd5 Bxd5 35. Bxd5 Be7 36. Kf2 Bd8 37. Ke2 Ke7 38. Bc6 d5 
39. Bxd5 Nxd5 40. exd5 Kd6 41. Kd3 Kxd5 42. a4 Bc7 43. Nd2 Bd6 44. Ne4 Be7 
45. Kc3 Bd8 1/2-1/2

[Event "Cto por Equipos de Aragon-Preferente I"]
[Site ""]
[Date "2023.02.11"]
[Round "3.50"]
[White "Lanau Corzan, Gerardo"]
[Black "Del Corral Abancens, Alfonso"]
[Result "1/2-1/2"]
[WhiteElo "1633"]
[BlackElo "1853"]
[PlyCount "0"]
[WhiteTeam "Binefar A"]
[BlackTeam "Shatranj A"]
[EventDate "2023.01.28"]

1. d4 Nf6 2. Bf4 c5 3. e3 cxd4 4. exd4 g6 5. Nc3 Bg7 6. h3 O-O 7. Nf3 d6 
8. Qd2 Qa5 9. Bc4 Nc6 10. O-O Nxd4 11. Nxd4 e5 12. Nb3 Qb4 13. Bxf7+ Rxf7 
14. Bg3 Be6 15. Rad1 Rd7 16. Rfe1 Rf8 17. Qe3 b6 18. Qe2 Qc4 19. Qxc4 Bxc4 
20. Nd2 Ba6 21. Nde4 Nxe4 22. Rxe4 Bb7 23. Nd5 Bxd5 24. Rxd5 Rc7 25. c4 Rfc8 
26. b3 Bf8 27. f4 Rc5 28. Rxc5 Rxc5 29. fxe5 1/2-1/2

[Event "Cto por Equipos de Aragon-Preferente I"]
[Site ""]
[Date "2023.02.11"]
[Round "3.51"]
[White "Ballonga Arruego, Alejandro"]
[Black "Arino Castan, Federico"]
[Result "0-1"]
[WhiteElo "1656"]
[BlackElo "1612"]
[PlyCount "0"]
[WhiteTeam "Shatranj A"]
[BlackTeam "Binefar A"]
[EventDate "2023.01.28"]

1. c4 Nf6 2. Nc3 d5 3. cxd5 Nxd5 4. e4 Nxc3 5. bxc3 g6 6. Bc4 Bg7 7. Nf3 O-O
 8. O-O c5 9. Rb1 Nc6 10. Ba3 b6 11. Re1 Qc7 12. Qe2 Bb7 13. Rbd1 Rad8 
14. Bb2 Na5 15. Ng5 Nxc4 16. Qxc4 Qf4 17. Nf3 Rd7 18. d4 cxd4 19. cxd4 Rc7 
20. Qe2 Rfc8 21. d5 Rc2 22. Rd2 0-1

[Event "Cto por Equipos de Aragon-Preferente II"]
[Site ""]
[Date "2023.02.11"]
[Round "3.53"]
[White "Veras Sanz, Marino"]
[Black "Mombiela De Sus, Jose Luis"]
[Result "1-0"]
[WhiteElo "2054"]
[BlackElo "1944"]
[PlyCount "0"]
[WhiteTeam "El Olivar B"]
[BlackTeam "Las Fuentes B"]
[EventDate "2023.01.28"]


1. Nf3 f5 2. c4 Nf6 3. g3 d6 4. d4 e6 5. Bg2 Be7 6. O-O O-O 7. b3 Ne4 
8. Bb2 Bf6
9. Nfd2 Nxd2 10. Nxd2 Nc6 11. d5 Bxb2 12. Rb1 Ba3 13. dxc6 bxc6 
14. Bxc6 Rb8 15.
e4 f4 16. e5 d5 17. cxd5 exd5 18. Nf3 Bh3 19. Nd4 Rb6 
20. Qh5 Qc8 21. Bxd5+ Kh8
22. e6 Bxf1 23. Be4 g6 24. Bxg6 Kg7 25. Qxh7+ Kf6 
26. Rxf1 Bc5 27. e7 Bxd4 28. exf8=Q+
Qxf8 29. Bd3 Re6 30. Qxc7 Qd6 31. Qxd6 Rxd6 
32. Kg2 Be5 33. Rd1 Rc6 34. Bc4 Rc7
35. Kf3 Rh7 36. h4 Bc7 37. Rd5 Re7 
38. g4 Re1 39. Rd7 Be5 40. Rxa7  1-0

[Event "Cto por Equipos de Aragon-Preferente II"]
[Site ""]
[Date "2023.02.11"]
[Round "3.54"]
[White "Artal Alegria, Francisco Javier"]
[Black "Gracia Campo, Carlos Alberto"]
[Result "1-0"]
[WhiteElo "1745"]
[BlackElo "2012"]
[PlyCount "0"]
[WhiteTeam "Las Fuentes B"]
[BlackTeam "El Olivar B"]
[EventDate "2023.01.28"]


1. e4 d6 2. d4 Nf6 3. Nc3 g6 4. Nf3 Bg7 5. h3 O-O 6. Be3 c6 7. a4 Qa5 
8. Bd3 Na6
9. O-O Nb4 10. Bc4 d5 11. exd5 Nbxd5 12. Nxd5 cxd5 13. Bd3 Qb4 
14. Qc1 Bd7 15. Bd2
Qb6 16. a5 Qc7 17. Bf4 Qc8 18. a6 b6 19. Bh6 Bf5 
20. Bxg7 Kxg7 21. Qe3 Bxd3 22.
Qxd3 Ne4 23. Rfe1 e6 24. c4 Nf6 25. b3 dxc4 
26. bxc4 Rd8 27. Ne5 Qc7 28. Qf3 Rac8
29. Red1 Rd6 30. g4 Rcd8 31. g5 Ne8 
32. Qc3 f6 33. gxf6+ Nxf6 34. Rac1 Ne4 35. Qe3
Nc5 36. Ra1 Nd7 37. Rac1 Nc5 
38. Ng4 Nxa6 39. Qe5+ Kg8 40. Nh6+  1-0

[Event "Cto por Equipos de Aragon-Preferente II"]
[Site ""]
[Date "2023.02.11"]
[Round "3.55"]
[White "Bailo Remacha, Santiago"]
[Black "Manguez Cambra, Jose Luis"]
[Result "1-0"]
[WhiteElo "1928"]
[BlackElo "1730"]
[PlyCount "0"]
[WhiteTeam "El Olivar B"]
[BlackTeam "Las Fuentes B"]
[EventDate "2023.01.28"]


1. b3 Nf6 2. Bb2 e6 3. c4 b6 4. Nf3 Bb7 5. d4 Bb4+ 6. Nbd2 d5 7. a3 Bd6 
8. e3 Nbd7
9. b4 c5 10. b5 O-O 11. Bd3 Qe7 12. O-O e5 13. dxc5 bxc5 14. Nh4 g6 
15. cxd5 Nxd5
16. Qg4 h5 17. Qh3 Bc8 18. Qf3 N7b6 19. g3 Bg4 20. Qh1 Rac8 
21. Rae1 Rfd8 22. Nc4
Nxc4 23. Bxc4 Nb6 24. Nxg6 Qg5 25. Nxe5 Bxe5 26. Bxf7+ Kxf7 
27. f4 Bxf4 28. Rxf4+
Kg8 29. Bf6 Qd5 30. Bxd8 Rxd8 31. Qxd5+ Rxd5 32. a4 Nd7 
33. Ref1 Ne5 34. Rf8+ Kg7
35. Ra8 Nf3+ 36. Kg2 Rd2+ 37. Rf2 c4 38. Rxa7+ Kg6 
39. Rxd2 Nxd2 40. b6 c3 41. b7
Bf3+ 42. Kf2 c2 43. b8=Q c1=Q 44. Qd6+ Kg5 
45. Rg7+ Kf5 46. Rf7+ Kg5 47. Qf6+ Kg4
48. Qf4+  1-0

[Event "Cto por Equipos de Aragon-Preferente II"]
[Site ""]
[Date "2023.02.11"]
[Round "3.56"]
[White "Edeso Perez, Francisco"]
[Black "Munoz Valles, Jorge"]
[Result "0-1"]
[WhiteElo "1713"]
[BlackElo "1838"]
[PlyCount "0"]
[WhiteTeam "Las Fuentes B"]
[BlackTeam "El Olivar B"]
[EventDate "2023.01.28"]

1. d4 Nf6 2. Nf3 d6 3. c4 g6 4. Nc3 Bg7 5. Bg5 h6 6. Bxf6 Bxf6 7. h3 O-O 
8. e3 c6
9. Be2 Nd7 10. O-O e5 11. Ne4 Be7 12. b4 f5 13. Nc3 e4 14. Nd2 Bg5 
15. a4 Nf6 16.
a5 d5 17. b5 Kh7 18. bxc6 bxc6 19. Qa4 f4 20. exf4 Bxf4 
21. Nb3 Nh5 22. g4 Qh4 23.
Kg2 Bh2 24. Kxh2 Rxf2+ 25. Rxf2 Qxf2+ 
26. Kh1 Ng3#  0-1

[Event "Cto por Equipos de Aragon-Preferente II"]
[Site ""]
[Date "2023.02.11"]
[Round "3.57"]
[White "Juberias Segura, Santiago"]
[Black "Gracia Suarez, Jesus"]
[Result "1/2-1/2"]
[WhiteElo "2042"]
[BlackElo "2071"]
[PlyCount "0"]
[WhiteTeam "Utebo San Lamberto A"]
[BlackTeam "San Jose A"]
[EventDate "2023.01.28"]

1. c4 Nf6 2. g3 c5 3. Bg2 d5 4. cxd5 Nxd5 5. Nc3 Nc7 6. Nf3 Nc6 7. d3 e5 8. O-O
Be7 9. Be3 O-O 10. Na4 b6 11. Rc1 f6 12. Ng5 Qe8 13. Nf3 Bd7 14. b3 Rc8 15. Nb2
Qh5 16. Qd2 Rfd8 17. Qc3 Nd4 18. Bxd4 exd4 19. Qd2 Bh3 20. e4 dxe3 21. fxe3
Bxg2 22. Kxg2 Qd5 23. e4 Qb7 24. Nc4 Ne6 25. Ne3 Nd4 26. Nxd4 Rxd4 27. Nd5 Bd6
28. Rc4 Be5 29. Rxd4 Bxd4 30. Qf4 Re8 31. Qf5 Qa6 32. Qd7 Qxa2+ 33. Kh3 Re5 34.
Ne7+ Rxe7 35. Qxe7 h6 36. Qe6+ Kh7 37. Qc8  1/2-1/2

[Event "Cto por Equipos de Aragon-Preferente II"]
[Site ""]
[Date "2023.02.11"]
[Round "3.59"]
[White "Olivan Lopez, Dario"]
[Black "Palomar Ramon, Santiago"]
[Result "0-1"]
[WhiteElo "1787"]
[BlackElo "1892"]
[PlyCount "0"]
[WhiteTeam "Utebo San Lamberto A"]
[BlackTeam "San Jose A"]
[EventDate "2023.01.28"]

1. e4 e5 2. Nf3 Nc6 3. Bc4 Nf6 4. d3 Bc5 5. Bg5 h6 6. Bh4 g5 7. Bg3 d6 8. c3 Qe7
9. b4 Bb6 10. a4 a5 11. b5 Nd8 12. Nbd2 Ne6 13. Bxe6 Bxe6 14. d4 exd4 15. Nxd4
O-O-O 16. O-O Nd7 17. Qe2 Ne5 18. Nxe6 Qxe6 19. Bxe5 dxe5 20. c4 Rd4 21. Rac1
Rhd8 22. Nf3 R4d7 23. c5 g4 24. Nxe5 Qxe5 25. cxb6 f5 26. bxc7 Rxc7 27. Qe3 f4
28. Qa7 Rd2 29. b6 Rcc2 30. Qa8+ Qb8 31. Qxa5 Kd8 32. Rfd1 Qd6 33. Qa8+ Ke7 34.
Qxb7+ Kf8 35. Qc8+ Rxc8 36. Rxc8+ Ke7 37. Rxd2 Qxd2 38. g3 Qe1+  0-1

[Event "Cto por Equipos de Aragon-Preferente II"]
[Site ""]
[Date "2023.02.11"]
[Round "3.60"]
[White "Rubio Tello, Abel"]
[Black "Moursy Sadek, Tarek"]
[Result "1-0"]
[WhiteElo "1807"]
[BlackElo "1709"]
[PlyCount "0"]
[WhiteTeam "San Jose A"]
[BlackTeam "Utebo San Lamberto A"]
[EventDate "2023.01.28"]

1. d4 d5 2. Nf3 Nf6 3. Bg5 e6 4. e3 Be7 5. Bd3 O-O 6. O-O Nbd7 7. Nbd2 c5 8. c3
c4 9. Bc2 b5 10. Qe2 Bb7 11. Rad1 Ne4 12. Bxe7 Qxe7 13. Ne5 Nxe5 14. dxe5 f5
15. exf6 Nxf6 16. Nf3 e5 17. Rfe1 e4 18. Nd4 a6 19. a4 Qd7 20. Ra1 Ng4 21. Rf1
Ne5 22. axb5 axb5 23. Qh5 Ng4 24. Rxa8 Rxa8 25. h3 Nf6 26. Qe5 Ra2 27. Rb1 Ra6
28. Qb8+ Kf7 29. b3 Ra8 30. Qe5 Re8 31. Qf4 Bc6 32. bxc4 dxc4 33. Rd1 Kg8 34.
Nxb5 Nd5 35. Qd6 Qb7 36. Nd4 Bd7 37. Rb1  1-0

[Event "Cto por Equipos de Aragon-Preferente II"]
[Site ""]
[Date "2023.02.11"]
[Round "3.61"]
[White "Muro Guerrero, Miguel"]
[Black "Ruiz Fernandez, Daniel"]
[Result "1-0"]
[WhiteElo "1939"]
[BlackElo "1926"]
[PlyCount "0"]
[WhiteTeam "Dr. Azua A"]
[BlackTeam "MyInvestor Casablanca C"]
[EventDate "2023.01.28"]

1. e4 c5 2. Nf3 d6 3. d4 cxd4 4. Nxd4 Nf6 5. Nc3 Nc6 6. Bg5 e6 7. Qd2 a6 8.
O-O-O Bd7 9. f4 Be7 10. Nf3 b5 11. Bxf6 gxf6 12. f5 Qb6 13. Kb1 O-O-O 14. Bd3
Kb8 15. Ne2 Rc8 16. Nf4 Ne5 17. Qe2 Rc7 18. Rhe1 Rhc8 19. Rd2 Nc4 20. Bxc4 bxc4
21. c3 Rb7 22. Nd4 Qa5 23. fxe6 fxe6 24. Nfxe6 Qxc3 25. Nf4 Qa5 26. Nd5 c3 27.
Rc2 Ba4 28. b3 Bd8 29. Rec1 Bb6 30. Nxb6 Rxb6 31. Qd3 Qe5 32. Rxc3 Rxc3 33.
Qxc3 Rb7 34. Nc6+ Bxc6 35. Qxe5 fxe5 36. Rxc6 Rg7 37. g3 Kb7 38. Rxd6 Rg4 39.
Rd7+ Kc6 40. Rxh7 Rxe4 41. Rh6+ Kb5 42. Kc2 Re2+ 43. Kd3 Rxa2 44. Rh5 Kb4 45.
h4 Rg2 46. Rxe5 Rxg3+ 47. Re3 Rg1 48. Re6 Kxb3 49. Rxa6 Rg3+ 50. Ke2 Kc4 51.
Kf2 Rg8 52. Rd6 Kc5 53. Rd1 Rg4 54. Rh1 Kd5 55. Kf3 Rg8 56. Re1 Rh8 57. Kg4
Rg8+ 58. Kf5 Rh8 59. Rd1+ Kc6 60. Kg5 Rg8+ 61. Kf6 Rh8 62. Rh1 Kd7 63. h5 Ke8
64. Kg7 Rf8 65. Re1+ 1-0